| 000 | 00447nam a2200169Ia 4500 | ||
|---|---|---|---|
| 999 |
_c22259 _d22259 |
||
| 082 | _a301 BIR-; | ||
| 100 | _aBirnbaum, Norman | ||
| 245 | 0 | _aToward a critical sociology | |
| 260 |
_aNew York _bOxford University Press _c1971 |
||
| 300 | _a451p. | ||
| 504 | _aIncludes index | ||
| 650 | _aSociology - Study and teaching | ||
| 650 | _aReligion and sociology | ||
| 650 | _aSociology - Philosophy | ||
| 650 | _aPolitical sociology | ||
| 942 | _cBK | ||